[Event "ICS Rated blitz match"]
[Site "207.99.83.229"]
[Date "1999.07.20"]
[Round "?"]
[White "Hossa"]
[Black "topolino"]
[Result "0-1"]
[WhiteElo "2352"]
[BlackElo "2632"]
[PlyCount "115"]
[EventDate "1999.??.??"]

1. d4 d5 2. c4 Nc6 3. Nc3 dxc4 4. Nf3 a6 5. e4 b5 6. a4 b4 7. Nd5 e6 8. Ne3 c3
9. Rb1 cxb2 10. Bxb2 Bb7 11. Bd3 Nf6 12. Qc2 Nh5 13. O-O Nf4 14. Rfd1 Nxd3 15.
Rxd3 Na5 16. d5 Qc8 17. dxe6 fxe6 18. Rbd1 c5 19. Ne5 Rb8 20. Rd7 Ba8 21. N3c4
Nc6 22. Nf7 Rg8 23. Ncd6+ Kxd7 24. Nxc8+ Kxc8 25. e5 g6 26. Qc4 Kc7 27. Qxe6
Kb6 28. Nd8 Rg7 29. Qf6 Rg8 30. Qf7 Rh8 31. Qe6 Bg7 32. Nxc6 Bxc6 33. Rd6 Rhc8
34. f4 Kb7 35. a5 Rc7 36. Rd3 Bf8 37. Rd1 Ka8 38. Bc1 Bb5 39. Qd5+ Bc6 40. Qc4
Bb5 41. Qe4+ Rcb7 42. Be3 b3 43. Qd5 c4 44. Bb6 Bb4 45. Kh1 b2 46. Rb1 c3 47.
Qe4 Ba3 48. Qc2 Rc8 49. Bd4 Ba4 50. Qd3 c2 51. Rg1 b1=Q 52. Qxa3 c1=Q 53. Qd6
Qd3 54. Bb6 Qxd6 55. exd6 Qxf4 56. Bc7 Bc6 57. Bb6 Bxg2+ 58. Rxg2 {
Hossa resigns} 0-1

[Event "ICS rated blitz match"]
[Site "207.99.83.229"]
[Date "1999.07.20"]
[Round "?"]
[White "mcchess"]
[Black "Hossa"]
[Result "0-1"]
[WhiteElo "2179"]
[BlackElo "2347"]
[PlyCount "54"]
[EventDate "1999.??.??"]

1. e4 Nf6 2. Qe2 d6 3. d3 Nc6 4. Nf3 Bg4 5. c3 e5 6. g3 d5 7. Bg2 dxe4 8. dxe4
Qd6 9. O-O O-O-O 10. Bg5 Qd3 11. Qxd3 Rxd3 12. Nbd2 h6 13. Bxf6 gxf6 14. h3 Bh5
15. Rfd1 Rg8 16. g4 Bg6 17. Ne1 Rd8 18. Nc4 h5 19. Rxd8+ Nxd8 20. f3 hxg4 21.
hxg4 Rh8 22. Ne3 Bc5 23. Kf2 Ne6 24. N1c2 Nf4 25. Kg3 Kb8 26. b4 Bxe3 27. Rh1
27... Ne2# {mcchess checkmated} 0-1

[Event "ICS rated blitz match"]
[Site "207.99.83.229"]
[Date "1999.07.20"]
[Round "?"]
[White "Hossa"]
[Black "mcchess"]
[Result "1-0"]
[WhiteElo "2356"]
[BlackElo "2170"]
[PlyCount "67"]
[EventDate "1999.??.??"]

1. d4 Nf6 2. c4 c5 3. d5 b5 4. cxb5 a6 5. f3 g6 6. e4 d6 7. Bg5 Bg7 8. Qd2 O-O
9. Bh6 axb5 10. Bxb5 Ba6 11. Bxa6 Nxa6 12. Nc3 Qb6 13. Bxg7 Kxg7 14. Nge2 Nb4
15. O-O Qa6 16. a3 Nd3 17. b3 Nd7 18. Rfd1 N7e5 19. f4 c4 20. Qe3 Ng4 21. Qd4+
Kg8 22. Qxc4 Qa7+ 23. Qd4 Nb2 24. Rd2 Na4 25. Nxa4 Qb7 26. Rb2 Rfc8 27. Nb6 Rc5
28. Nxa8 Qxa8 29. Nc3 Qc8 30. Rc2 Qa6 31. Raa2 Ra5 32. Ne2 Rxa3 33. Rxa3 Qxa3
34. Rc8# {mcchess checkmated} 1-0

[Event "ICS rated blitz match"]
[Site "207.99.83.229"]
[Date "1999.07.20"]
[Round "?"]
[White "Hossa"]
[Black "TDChess"]
[Result "0-1"]
[WhiteElo "2372"]
[BlackElo "2519"]
[PlyCount "102"]
[EventDate "1999.??.??"]

1. d4 Nf6 2. c4 e6 3. Nc3 a5 4. e4 Bb4 5. Bg5 h6 6. Bxf6 Qxf6 7. e5 Qg6 8. a3
Bxc3+ 9. bxc3 O-O 10. Qd3 f5 11. Qf3 d6 12. Qf4 dxe5 13. Qxe5 f4 14. Qxc7 Qc2
15. Ne2 Qb2 16. Rd1 Qxa3 17. f3 Nc6 18. Rd2 Rf7 19. Qb6 Ra6 20. Qb1 e5 21. d5
Na7 22. Qe4 Re7 23. Rd1 Rf6 24. g4 Bd7 25. Bg2 Be8 26. Qb1 Qc5 27. Qa2 Nc8 28.
Ra1 Ra6 29. g5 hxg5 30. h4 Nd6 31. hxg5 Nxc4 32. Bh3 Bh5 33. Be6+ Raxe6 34.
dxe6 Bxf3 35. Rh3 Bg2 36. Rd3 f3 37. Rd8+ Kh7 38. Qc2+ g6 39. Rf8 Rxe6 40. Rf7+
Kg8 41. Rxf3 Bxf3 42. Qd3 Qc6 43. Qd8+ Re8 44. Qd3 Bxe2 45. Qxe2 Rf8 46. Kd1
Qb5 47. Ke1 Qd5 48. Qxc4 Qxc4 49. Ra4 Rf1+ 50. Kd2 Rf2+ 51. Ke1 51... Qe2# {
Hossa checkmated} 0-1

[Event "ICS rated blitz match"]
[Site "207.99.83.229"]
[Date "1999.07.20"]
[Round "?"]
[White "ociloB"]
[Black "Hossa"]
[Result "0-1"]
[WhiteElo "2290"]
[BlackElo "2362"]
[PlyCount "60"]
[EventDate "1999.??.??"]

1. e4 Nf6 2. Nc3 d5 3. e5 d4 4. Nb1 Nd5 5. Bc4 Nc6 6. Nf3 Bg4 7. h3 Bh5 8. O-O
Nxe5 9. g4 Nxc4 10. gxh5 c5 11. d3 Nd6 12. Re1 e6 13. c3 dxc3 14. bxc3 Qf6 15.
Ba3 Nxc3 16. Nxc3 Qxc3 17. Qa4+ b5 18. Qa6 Rc8 19. Rac1 Qxd3 20. Bxc5 Rxc5 21.
Rxc5 Qxf3 22. Rec1 Ke7 23. Rc7+ Kf6 24. R7c3 Qxh5 25. Qa3 Nf5 26. Qxa7 b4 27.
Rc7 Bd6 28. Rd7 Qg5+ 29. Kh1 Qxc1+ 30. Kg2 30... Nh4# {ociloB checkmated} 0-1

[Event "ICS rated blitz match"]
[Site "207.99.83.229"]
[Date "1999.07.20"]
[Round "?"]
[White "Hossa"]
[Black "ociloB"]
[Result "0-1"]
[WhiteElo "2375"]
[BlackElo "2277"]
[PlyCount "156"]
[EventDate "1999.??.??"]

1. d4 Nf6 2. c4 e6 3. Nc3 Bb4 4. Bg5 h6 5. Bh4 b6 6. a3 Bxc3+ 7. bxc3 Bb7 8. e3
d6 9. Nf3 Nbd7 10. Be2 g5 11. Bg3 Ne4 12. Rc1 f5 13. O-O Qf6 14. Qa4 h5 15. h4
g4 16. Ng5 Nxg5 17. hxg5 Qxg5 18. Bf4 Qf6 19. Rcd1 Ke7 20. Qc2 h4 21. Bh2 h3
22. g3 Nf8 23. Bd3 Nh7 24. Be2 Ng5 25. d5 e5 26. Rd3 Raf8 27. Qa4 a5 28. Qb5
Bc8 29. Rb1 Bd7 30. Qa6 Rb8 31. Qa7 Rhc8 32. Rb2 Kd8 33. c5 dxc5 34. d6 cxd6
35. Rxb6 Rxb6 36. Qxb6+ Ke7 37. Qxa5 Rb8 38. c4 Rb1+ 39. Rd1 Rxd1+ 40. Bxd1 Qf8
41. Be2 Qb8 42. Qd2 Qb1+ 43. Qd1 Qa2 44. Kf1 Bc6 45. Qc1 Bg2+ 46. Ke1 Nf3+ 47.
Bxf3 Bxf3 48. Kf1 Be4 49. Qd1 Qxc4+ 50. Kg1 Bc6 51. Qb1 Qd5 52. e4 Qxe4 53.
Qxe4 Bxe4 54. Kf1 Kd7 55. a4 Kc6 56. Ke2 Bf3+ 57. Kd2 Kb6 58. Kc2 Ka5 59. Kb3
d5 60. Ka3 c4 61. Bg1 d4 62. Kb2 Kxa4 63. Kc2 Kb4 64. Bh2 d3+ 65. Kd2 Kb3 66.
Bg1 e4 67. Ke3 c3 68. Kf4 c2 69. Bh2 c1=Q+ 70. Kxf5 Qc5+ 71. Ke6 Kc4 72. Bg1
Kd4 73. Kf6 Qd6+ 74. Kg7 Ke5 75. Bh2 Qe7+ 76. Kg6 Qf6+ 77. Kh5 Kf5 78. Bg1
78... Qg5# {Hossa checkmated} 0-1

[Event "ICS rated blitz match"]
[Site "207.99.83.229"]
[Date "1999.07.20"]
[Round "?"]
[White "ociloB"]
[Black "Hossa"]
[Result "1/2-1/2"]
[WhiteElo "2297"]
[BlackElo "2355"]
[PlyCount "150"]
[EventDate "1999.??.??"]

1. e4 Nf6 2. Nc3 d5 3. exd5 Nxd5 4. Bc4 e6 5. Nf3 Nb6 6. Bb3 c5 7. d3 Nc6 8.
O-O Be7 9. Re1 O-O 10. Bf4 Nd5 11. Bg3 Nxc3 12. bxc3 Qa5 13. Qd2 Bf6 14. Ne5
Bxe5 15. Bxe5 c4 16. Bd6 Rd8 17. dxc4 Bd7 18. c5 Re8 19. Rad1 Rad8 20. h3 f6
21. Re3 Bc8 22. Rg3 Kh8 23. Qf4 e5 24. Qh4 Bf5 25. Qh5 g6 26. Qh4 Kg7 27. f4 e4
28. Re3 Qb5 29. g4 Bd7 30. g5 fxg5 31. fxg5 Bf5 32. Qh6+ Kh8 33. Rf1 Rd7 34.
Rxf5 Rg7 35. Rf6 Ne7 36. Rxe4 Ng8 37. Rxe8 Qxe8 38. Qh4 Nxf6 39. gxf6 Rd7 40.
Qf2 Rf7 41. Qd4 Qe1+ 42. Kg2 Qe2+ 43. Kg3 Qe1+ 44. Kf3 Qf1+ 45. Ke3 Rxf6 46.
Be5 Qxh3+ 47. Kd2 Qh6+ 48. Kd1 Qh1+ 49. Kd2 Qh6+ 50. Kd3 Qh3+ 51. Kc4 Qf1+ 52.
Kb4 Kg7 53. Bxf6+ Qxf6 54. Qxf6+ Kxf6 55. Bd5 b6 56. c6 Ke7 57. Kb5 Kd6 58. Ka6
Kc7 59. Kxa7 h5 60. Ka6 h4 61. c4 h3 62. c5 bxc5 63. Kb5 h2 64. Kxc5 g5 65. a4
g4 66. a5 g3 67. a6 Kd8 68. a7 Ke7 69. a8=Q Kf6 70. Qg8 h1=R 71. Bxh1 g2 72.
Qxg2 Ke6 73. Qf3 Ke7 74. Qe4+ Kd8 75. Qf5 75... Ke7 {
ociloB ran out of time and Hossa has no material to mate} 1/2-1/2

[Event "ICS rated blitz match"]
[Site "207.99.83.229"]
[Date "1999.07.20"]
[Round "?"]
[White "ociloB"]
[Black "Hossa"]
[Result "0-1"]
[WhiteElo "2286"]
[BlackElo "2366"]
[PlyCount "86"]
[EventDate "1999.??.??"]

1. e4 Nf6 2. Nc3 d5 3. exd5 Nxd5 4. Bc4 e6 5. Nf3 Nb6 6. Bb3 c5 7. d3 Nc6 8.
O-O Be7 9. Bf4 Nd5 10. Bg3 O-O 11. Ne4 f5 12. Nfd2 fxe4 13. Nxe4 Rf5 14. c3 e5
15. Qe2 Be6 16. Rae1 Qd7 17. f4 exf4 18. Bf2 f3 19. gxf3 Nf4 20. Qd2 Bxb3 21.
axb3 Nxd3 22. Rd1 Rxf3 23. Bg3 Rxf1+ 24. Rxf1 Rd8 25. Qe3 c4 26. b4 Nxb2 27. b5
Na5 28. Kg2 Qxb5 29. Qf4 Rf8 30. Qg4 Rxf1 31. Kxf1 Qd5 32. Kg2 Nb3 33. Kh3 Qf7
34. Qc8+ Bf8 35. Nd6 Qf1+ 36. Kg4 Qe2+ 37. Kh3 Qh5+ 38. Kg2 Nc5 39. Nf5 Qe2+
40. Kh3 Nd1 41. Bd6 Nf2+ 42. Kg3 Nfe4+ 43. Kf4 43... Nd3# {ociloB checkmated}
0-1

[Event "ICS rated blitz match"]
[Site "207.99.83.229"]
[Date "1999.07.20"]
[Round "?"]
[White "Hossa"]
[Black "ociloB"]
[Result "1-0"]
[WhiteElo "2378"]
[BlackElo "2274"]
[PlyCount "101"]
[EventDate "1999.??.??"]

1. d4 Nf6 2. c4 e6 3. Nc3 Bb4 4. Bg5 h6 5. Bh4 b6 6. a3 Bxc3+ 7. bxc3 Bb7 8. e3
d6 9. Nf3 Nbd7 10. Be2 g5 11. Bg3 Ne4 12. Rc1 h5 13. h3 f5 14. O-O Qf6 15. Nd2
Nxd2 16. Qxd2 O-O-O 17. Qd1 f4 18. Bh2 g4 19. hxg4 hxg4 20. Bxf4 Qh4 21. f3 g3
22. Bxg3 Qxg3 23. Qe1 Qh2+ 24. Kf2 Qxg2+ 25. Kxg2 Rdg8+ 26. Qg3 Nf6 27. Rh1
Rxg3+ 28. Kxg3 Rg8+ 29. Kf2 Rf8 30. Rhg1 a5 31. Rg7 Kb8 32. f4 Bc6 33. Bf3 Ba4
34. d5 exd5 35. cxd5 Bb3 36. c4 a4 37. e4 Re8 38. Ke3 b5 39. Rf7 Ng8 40. cxb5
Bxd5 41. Rfxc7 Nf6 42. Kd3 Nxe4 43. Bxe4 Rxe4 44. Rf7 Re8 45. Rd7 Re6 46. Rg1
Rf6 47. Rgg7 Kc8 48. b6 Rxf4 49. Rxd6 Bb3 50. Rc7+ Kb8 51. Rd8# {
ociloB checkmated} 1-0

[Event "ICS rated blitz match"]
[Site "207.99.83.229"]
[Date "1999.07.20"]
[Round "?"]
[White "ociloB"]
[Black "Hossa"]
[Result "0-1"]
[WhiteElo "2263"]
[BlackElo "2389"]
[PlyCount "122"]
[EventDate "1999.??.??"]

1. e4 Nf6 2. e5 Nd5 3. d4 d6 4. c4 Nb6 5. exd6 cxd6 6. Nc3 Bf5 7. Be3 e6 8. Be2
Be7 9. Rc1 O-O 10. h4 Bxh4 11. Nf3 Bf6 12. Bd3 Re8 13. Qc2 Nxc4 14. Kf1 Qa5 15.
Bf4 Nxb2 16. Bxf5 Qxf5 17. Bxd6 Qxc2 18. Rxc2 Nc4 19. Bg3 Na3 20. Rb2 b6 21.
Ke2 Nc6 22. Rd1 Nc4 23. Rc2 Nb4 24. Rcc1 Rac8 25. Kf1 Nb2 26. Rd2 N2d3 27. Rcc2
Red8 28. Be5 Bxe5 29. Nxe5 Nxe5 30. dxe5 Nxc2 31. Rxc2 Rd3 32. Ke2 Rcxc3 33.
Rb2 Rd5 34. f4 g5 35. Rb4 Ra3 36. Rc4 gxf4 37. Rxf4 Rxe5+ 38. Kd2 Rxa2+ 39. Kd3
Rxg2 40. Rc4 Rg3+ 41. Kd2 Rh5 42. Ke2 Rh2+ 43. Kf1 Rgg2 44. Rf4 h5 45. Rf6 Rg5
46. Rf3 Rf5 47. Kg1 Rxf3 48. Kxh2 Kh7 49. Kg2 a5 50. Kxf3 a4 51. Ke4 a3 52. Ke5
a2 53. Kd6 a1=Q 54. Kc6 h4 55. Kxb6 Qd4+ 56. Kc7 Qf4+ 57. Kc6 h3 58. Kd7 Qd4+
59. Ke7 Kg7 60. Ke8 Kf6 61. Kf8 61... Qd8# {ociloB checkmated} 0-1

[Event "ICS rated blitz match"]
[Site "207.99.83.229"]
[Date "1999.07.20"]
[Round "?"]
[White "Hossa"]
[Black "Survivor"]
[Result "1-0"]
[WhiteElo "2399"]
[BlackElo "2281"]
[PlyCount "63"]
[EventDate "1999.??.??"]

1. d4 Nf6 2. c4 e6 3. Nc3 Bb4 4. Bg5 c5 5. e4 cxd4 6. Qxd4 Nc6 7. Qe3 Qa5 8.
Bxf6 gxf6 9. Nge2 Bc5 10. Qh6 Ke7 11. Qg7 Rd8 12. a3 Ne5 13. Nf4 Ng6 14. Nd3
Bd4 15. Rc1 b5 16. cxb5 Bb7 17. Nb4 Rac8 18. f3 Bxc3+ 19. bxc3 Qxa3 20. Kd2 d5
21. exd5 Bxd5 22. Bd3 Bc4 23. Ra1 Qb2+ 24. Ke3 Bxd3 25. Rxa7+ Rd7 26. Rxd7+
Kxd7 27. Nxd3 Rxc3 28. Qxf7+ Kd6 29. Rd1 Ne5 30. Qxf6 Nc4+ 31. Kf4 Kc7 32. Nxb2
{Survivor resigns} 1-0

[Event "ICS rated blitz match"]
[Site "207.99.83.229"]
[Date "1999.07.20"]
[Round "?"]
[White "Survivor"]
[Black "Hossa"]
[Result "1-0"]
[WhiteElo "2270"]
[BlackElo "2410"]
[PlyCount "75"]
[EventDate "1999.??.??"]

1. d4 d5 2. c4 e6 3. cxd5 exd5 4. Nc3 Nf6 5. Bg5 Nbd7 6. e3 Be7 7. Bd3 c6 8.
Nge2 O-O 9. Qc2 c5 10. O-O cxd4 11. exd4 h6 12. Bh4 Re8 13. Rfe1 Qc7 14. Rac1
Bd6 15. Bg3 Bxg3 16. hxg3 Qb6 17. Qa4 Qxb2 18. Rb1 Qd2 19. Red1 Qg5 20. Nf4 Ng4
21. Ncxd5 Rd8 22. Rb5 a6 23. Nc7 axb5 24. Qxa8 Ndf6 25. Nxb5 Re8 26. Nd6 Rf8
27. Nxc8 Kh8 28. Qxb7 Rd8 29. Nd6 Rxd6 30. Qb8+ Ng8 31. Qxd6 N4f6 32. Qe5 Qxe5
33. dxe5 g5 34. exf6 gxf4 35. gxf4 Nxf6 36. Bc4 Kg7 37. a4 h5 38. a5 {
Hossa resigns} 1-0

[Event "ICS rated blitz match"]
[Site "207.99.83.229"]
[Date "1999.07.20"]
[Round "?"]
[White "pagoda"]
[Black "Hossa"]
[Result "0-1"]
[WhiteElo "2033"]
[BlackElo "2392"]
[PlyCount "63"]
[EventDate "1999.??.??"]

1. e4 Nf6 2. e5 Nd5 3. c4 Nb6 4. c5 Nd5 5. Bc4 e6 6. Nc3 Bxc5 7. Bxd5 exd5 8.
Nxd5 c6 9. Ne3 Bxe3 10. dxe3 Qa5+ 11. Bd2 Qxe5 12. Nf3 Qxb2 13. O-O O-O 14. Qa4
d5 15. Rab1 Qf6 16. Qb3 Nd7 17. Bc3 Qf5 18. Nd4 Qe4 19. Rfe1 Nc5 20. Qa3 Nd3
21. Rf1 Bh3 22. gxh3 Qg6+ 23. Kh1 Nxf2+ 24. Rxf2 Qxb1+ 25. Kg2 Qg6+ 26. Kh1
Qe4+ 27. Kg1 f5 28. Bb4 Rf6 29. Rg2 f4 30. Be7 Qb1+ 31. Kf2 fxe3+ 32. Kxe3 {
pagoda resigns} 0-1

[Event "ICS rated blitz match"]
[Site "207.99.83.229"]
[Date "1999.07.20"]
[Round "?"]
[White "Hossa"]
[Black "pagoda"]
[Result "1-0"]
[WhiteElo "2396"]
[BlackElo "2029"]
[PlyCount "105"]
[EventDate "1999.??.??"]

1. d4 Nf6 2. c4 e6 3. Nc3 Bb4 4. Bg5 c5 5. e4 Qa5 6. Bxf6 Bxc3+ 7. Ke2 gxf6 8.
bxc3 Qxc3 9. dxc5 Qxc4+ 10. Kf3 Qxc5 11. Qc1 Qxc1 12. Rxc1 Nc6 13. Rd1 Rg8 14.
Ne2 b6 15. Ng3 Ke7 16. Be2 Bb7 17. Rhe1 Ne5+ 18. Ke3 Rac8 19. f4 Ng4+ 20. Bxg4
Rxg4 21. Rc1 Rgg8 22. Rxc8 Rxc8 23. Re2 Rc3+ 24. Kd2 Ra3 25. Kc1 Ba6 26. Rc2
Bb5 27. Kb2 Re3 28. f5 e5 29. Rc3 Rxc3 30. Kxc3 a6 31. h4 Bc6 32. Kc4 a5 33. h5
h6 34. a3 Kd6 35. Kd3 b5 36. Nh1 Kc5 37. Nf2 b4 38. axb4+ axb4 39. Ng4 Bb5+ 40.
Kd2 Kd4 41. Nxh6 Kxe4 42. Nxf7 Kxf5 43. Nd6+ Kg5 44. Nxb5 Kxh5 45. Nc7 Kg4 46.
Nd5 b3 47. Nxf6+ Kf5 48. Nd5 d6 49. Kc3 b2 50. Kxb2 Ke4 51. Nc3+ Kd4 52. g4 d5
53. g5 {pagoda resigns} 1-0

[Event "ICS rated blitz match"]
[Site "207.99.83.229"]
[Date "1999.07.20"]
[Round "?"]
[White "pagoda"]
[Black "Hossa"]
[Result "0-1"]
[WhiteElo "2026"]
[BlackElo "2399"]
[PlyCount "50"]
[EventDate "1999.??.??"]

1. e4 Nf6 2. e5 Nd5 3. c4 Nb6 4. c5 Nd5 5. Bc4 e6 6. Nc3 Bxc5 7. Bxd5 exd5 8.
Nxd5 c6 9. Ne3 Bxe3 10. dxe3 Qa5+ 11. Bd2 Qxe5 12. Nf3 Qxb2 13. Rb1 Qxa2 14.
Bb4 d5 15. O-O Bf5 16. Qd4 f6 17. Qc5 Kd7 18. Qd6+ Kc8 19. Ra1 Qe2 20. Nd4 Qd3
21. Rfd1 Qe4 22. Nxf5 Qxf5 23. Qe7 Qd7 24. Qc5 Na6 25. Qa5 25... Qc7 {
pagoda resigns} 0-1

[Event "ICS rated blitz match"]
[Site "207.99.83.229"]
[Date "1999.07.20"]
[Round "?"]
[White "Hossa"]
[Black "pagoda"]
[Result "1-0"]
[WhiteElo "2402"]
[BlackElo "2023"]
[PlyCount "49"]
[EventDate "1999.??.??"]

1. d4 Nf6 2. c4 e6 3. Nc3 Bb4 4. Bg5 c5 5. e4 Qa5 6. Bxf6 Bxc3+ 7. Ke2 gxf6 8.
bxc3 Qxc3 9. dxc5 Qxc4+ 10. Kf3 Qxc5 11. Qc1 Qxc1 12. Rxc1 Nc6 13. Rd1 Ne5+ 14.
Kf4 b6 15. Nf3 Nxf3 16. Kxf3 Bb7 17. Bb5 Rd8 18. Ke3 Rg8 19. g3 Rg5 20. a4 Rc5
21. Rd4 a6 22. Bd3 a5 23. Rb1 Bc6 24. Rxb6 Bxa4 25. Rxa4 {pagoda resigns} 1-0

[Event "ICS rated blitz match"]
[Site "207.99.83.229"]
[Date "1999.07.20"]
[Round "?"]
[White "Hossa"]
[Black "friendlymate"]
[Result "1-0"]
[WhiteElo "2408"]
[BlackElo "2021"]
[PlyCount "73"]
[EventDate "1999.??.??"]

1. d4 d5 2. c4 e6 3. Nc3 Nf6 4. cxd5 exd5 5. Bg5 Be7 6. e3 O-O 7. Bd3 Re8 8.
Bxf6 Bxf6 9. Qh5 g6 10. Qxd5 Bxd4 11. Qxd8 Bxc3+ 12. bxc3 Rxd8 13. Rd1 Be6 14.
a3 Nc6 15. Nf3 Bg4 16. O-O Kg7 17. Be4 Rxd1 18. Rxd1 Rd8 19. Rxd8 Nxd8 20. Nd4
Bd7 21. h4 c5 22. Nb3 b6 23. Bd5 Bc6 24. e4 Kf6 25. f4 h5 26. g3 Bxd5 27. exd5
Kf5 28. Nd2 Nb7 29. a4 a6 30. Kf2 b5 31. axb5 axb5 32. Kf3 Nd6 33. Ke3 Kg4 34.
Kf2 b4 35. cxb4 cxb4 36. Kg2 Nf5 37. Nf1 {friendlymate resigns} 1-0

[Event "ICS Rated standard match"]
[Site "207.99.83.229"]
[Date "1999.07.20"]
[Round "?"]
[White "ekatron"]
[Black "Hossa"]
[Result "0-1"]
[WhiteElo "2096"]
[BlackElo "2188"]
[PlyCount "80"]
[EventDate "1999.??.??"]

1. d4 d6 2. e4 Nf6 3. Nc3 c6 4. f4 Qa5 5. Bd3 e5 6. Nf3 exd4 7. Nxd4 Be7 8. Be3
Bg4 9. Nf3 O-O 10. O-O Nbd7 11. h3 Bh5 12. g4 Nxg4 13. hxg4 Bxg4 14. Qe1 Qh5
15. Qg3 Bf6 16. Kg2 Bxc3 17. bxc3 f5 18. Rh1 Qe8 19. Rae1 fxe4 20. Qxg4 Nf6 21.
Qh4 exd3 22. cxd3 Qg6+ 23. Qg5 Qxd3 24. Bd4 Rf7 25. Bxf6 Rxf6 26. Qh5 Rxf4 27.
Re8+ Rxe8 28. Qxe8+ Rf8 29. Qe6+ Kh8 30. Rh3 Qc2+ 31. Kg1 Qxc3 32. Qxd6 Qa1+
33. Kg2 Qxa2+ 34. Kg1 Qb1+ 35. Kg2 Re8 36. Qd7 Re2+ 37. Kg3 Qg6+ 38. Ng5 Qxg5+
39. Kf3 Qg2+ 40. Kf4 40... Re4+ {ekatron resigns} 0-1

[Event "ICS rated blitz match"]
[Site "207.99.83.229"]
[Date "1999.07.20"]
[Round "?"]
[White "Panthee"]
[Black "Hossa"]
[Result "0-1"]
[WhiteElo "2262"]
[BlackElo "2411"]
[Annotator "Fritz 5.32 (10s)"]
[PlyCount "58"]
[EventDate "1999.??.??"]

1. e4 1... Nf6 {Opening = B04 - 3.d4 d6 4.Nf3 ---} 2. e5 Nd5 3. d4 d6 4. Nf3
Nc6 5. c4 Nb6 6. e6 fxe6 7. Bd3 e5 (7... d5 8. Ng5 dxc4 9. Qh5+ Kd7 10. Bxh7
Qe8 11. Qg4 Kd8 12. Qe4 Nd5 13. Bg6 Nf6 14. Bxe8 Nxe4 15. Nf7+ Kxe8 16. Nxh8
Nxd4 17. Na3 Bd7 18. Be3 Nf5 19. Nxc4 Bb5 20. Rc1 g5 21. Ng6 Bg7 22. Nge5 {
Kalka,A-Fritsche,L/BL 9394 1994/ - (70)}) 8. d5 Nb4 (8... Nd4 9. Nxd4 exd4 10.
Qh5+ g6 11. Bxg6+ hxg6 12. Qxh8 e5 13. dxe6 Bxe6 14. Bh6 Qe7 15. Bxf8 Qxf8 16.
Qxd4 Bxc4 17. Nd2 Bd5 18. O-O O-O-O 19. a4 Qh6 20. Ra3 c5 21. Qg4+ Kc7 22. Ne4
Nd7 23. Rd1 {Smith,A-James,M/4NCL967-CR:SL 1997/1-0 (41)}) 9. Nc3 $15 (9. Be4
Bg4 (9... Qd7 10. Ng5 Qg4 11. Qb3 Na6 12. h3 Qh5 13. g4 Qh6 14. Qc2 Qf6 15.
Nxh7 Rxh7 16. g5 Nb4 17. Qb3 Rh4 18. gxf6 Rxe4+ 19. Kf1 a5 20. Qg3 Bf5 21. Nc3
Rxc4 22. fxg7 Bxg7 23. Qxg7 O-O-O 24. Be3 N6xd5 25. Nxd5 Nxd5 26. h4 Rg4 27.
Qf7 e6 28. Bg5 Rh8 29. f3 Rxg5 30. hxg5 Rxh1+ 31. Kf2 Rh2+ 32. Kg1 Rh8 33. g6 {
1-0 Velicka-Gil Reguera/Olot 1991 (33)}) 10. a3 (10. h3 Bh5 11. g4 Bf7 12. Ng5
Bg8 13. Bf5 c6 14. Ne6 Bxe6 15. Bxe6 Qc7 16. Na3 Nd7 17. Be3 g6 18. O-O Bg7 19.
Qa4 Nd3 20. b4 Nf8 21. dxc6 bxc6 22. Bd5 Rc8 23. Be4 Nf4 24. b5 24... Ne2+ {
Anka,E-Haakert,J/BL2-W 1993/0-1 (40)}) 10... Na6 11. Qc2 Qd7 12. Ng5 Nc5 13.
Bxh7 Rxh7 14. Qg6+ Kd8 15. Nxh7 Qf5 16. Qxf5 Bxf5 17. Nxf8 Nb3 18. Be3 Nxa1 19.
Nd2 Nc2+ 20. Ke2 c6 21. Ne6+ Bxe6 22. dxe6 Kc7 23. h4 Rf8 24. h5 Nxe3 25. fxe3
d5 26. Rc1 dxc4 27. Nxc4 Nxc4 28. Rxc4 Rh8 29. Rg4 Rxh5 30. Rxg7 Kd6 31. Rg8 e4
32. Kd2 Kxe6 33. Rg4 Kd5 34. Rg7 Kd6 35. Rg6+ e6 36. Rg7 Rb5 37. Kc3 a5 38. b4
axb4+ 39. axb4 Rd5 40. Rxb7 Rd3+ 41. Kc4 Rxe3 42. b5 cxb5+ 43. Rxb5 Rd3 44. g4
Rd5 45. Rb1 Ke5 46. g5 e3 47. g6 47... Ke4 {
0-1 Van der Wiel-Bohm/NL-ch 1981 (47)}) (9. Nxe5 Nxd3+ (9... dxe5 $6 10. Qh5+
g6 11. Bxg6+ Kd7 12. Be4 $11) 10. Nxd3 10... e5 $11) 9... g6 {
Verwehrt dem Gegner f5} 10. h4 $17 (10. Be4 10... Bg7 $15) 10... Nxd3+ 11. Qxd3
Bf5 12. Qe2 Bg7 13. Bd2 Bg4 14. Qe4 Bxf3 15. gxf3 Nd7 16. Bg5 Nc5 17. Qg4 $19 {
Jetzt haengt h5 in der Luft} (17. Qe2 17... Qd7 $17) 17... Nd3+ $17 (17... Qc8
18. Rb1 $19) 18. Ke2 Nb4 19. h5 Nc2 20. Rad1 Nd4+ 21. Rxd4 $2 $19 (21. Kf1 $142
21... Qd7 22. Be3 $17) 21... exd4 22. Ne4 (22. Nb5 d3+ 23. Kxd3 23... c6 $17 (
23... Bxb2 24. hxg6 hxg6 25. Rxh8+ Bxh8 26. Be3 $16)) 22... Qd7 23. hxg6 hxg6
24. Rxh8+ Bxh8 25. Qh4 {Es droht Matt} 25... O-O-O 26. Bxe7 Re8 27. Bg5 $2 (27.
Bf6 g5 28. Qh6 Bxf6 29. Qxf6 $19) 27... Qa4 28. Bf6 Qxc4+ 29. Ke1 (29. Kd2 {
hilft auch nicht mehr} 29... Bxf6 30. Qxf6 Qxd5 31. Qxg6 31... Qb5 $19) 29...
d3 $1 {glaenzend gespielt. Droht Matt} (29... d3 30. Qg4+ 30... Kb8 $19) 0-1

[Event "ICS rated blitz match"]
[Site "207.99.83.229"]
[Date "1999.07.20"]
[Round "?"]
[White "Hossa"]
[Black "Panthee"]
[Result "1-0"]
[WhiteElo "2421"]
[BlackElo "2252"]
[PlyCount "31"]
[EventDate "1999.??.??"]

1. d4 d6 2. c4 g6 3. e4 Bg7 4. Ne2 e5 5. Nbc3 Nc6 6. d5 Nd4 7. Nxd4 exd4 8. Nb5
c5 9. Qa4 Bd7 10. Bf4 Bxb5 11. Qxb5+ Qd7 12. Bxd6 Qxb5 13. cxb5 b6 14. b4 Kd7
15. bxc5 bxc5 16. Bxc5 {Panthee resigns} 1-0

[Event "ICS rated blitz match"]
[Site "207.99.83.229"]
[Date "1999.07.20"]
[Round "?"]
[White "Hossa"]
[Black "Panthee"]
[Result "1-0"]
[WhiteElo "2438"]
[BlackElo "2235"]
[Annotator "Fritz 5.32 (10s)"]
[PlyCount "79"]
[EventDate "1999.??.??"]

1. d4 1... d5 {Opening = D10 - 3.---} 2. c4 c6 3. Nc3 Nf6 4. cxd5 cxd5 5. f3 (
5. Bf4 Nc6 (5... e6 6. e3 Bd6 7. Bxd6 Qxd6 8. Nf3 Nc6 9. Bd3 Bd7 10. O-O Rc8
11. a3 11... Na5 {- Ksieski,Z-Bogdanovich,G/Untergrombach GER 1999 (11)}) 6. e3
a6 7. Bd3 Bg4 8. Nge2 e6 9. Rc1 Bd6 10. Qd2 Bxe2 11. Nxe2 O-O 12. O-O Re8 13.
h3 g6 14. Rfd1 Bxf4 15. Nxf4 Qd6 16. a3 Rad8 17. Bb1 Re7 18. Nd3 Ne4 19. Qe1
19... Rc7 {Salov,V-Short,N/Hoogovens, Wijk aan Zee NED 1997/ - (37)}) 5... Nc6
6. e4 6... dxe4 $146 (6... e6 7. e5 Nd7 8. f4 Bb4 9. Nf3 Qa5 10. Bd2 Qb6 11.
Na4 Bxd2+ 12. Qxd2 Qb4 13. Nc3 Nb6 14. Nb5 O-O 15. Rc1 Qxd2+ 16. Kxd2 f6 17.
Nd6 fxe5 18. fxe5 Nb4 19. a3 Nc6 20. Bb5 Bd7 21. Ke3 {
Hitech-Star Socrates/8th World Computer Chess Championships, 1995/0-1 (60)}) 7.
d5 7... Nb8 $14 (7... Ne5 8. fxe4 e6 9. Qd4 $14) 8. fxe4 e6 9. Bg5 h6 10. Bb5+
Bd7 11. Bxf6 Qxf6 12. Nf3 $11 (12. Qb3 exd5 13. Nxd5 Qh4+ 14. Kf1 14... Bc5 $14
) 12... Bc5 $14 (12... Bxb5 13. Nxb5 Bb4+ 14. Kf1 $14) 13. Qe2 O-O 14. Bxd7
Nxd7 15. Qb5 Rfd8 16. O-O-O (16. Qxb7 Rab8 17. Qc7 exd5 18. exd5 18... Rxb2 $19
) 16... Bb6 17. Rhf1 17... Ne5 $14 {Dort fuehlt sich der schwarze Springer wohl
} (17... Rac8 $5 $15 $142 {sieht noch spielbar aus}) 18. dxe6 Rxd1+ 19. Kxd1
$14 (19. Rxd1 $5 19... Nxf3 20. exf7+ (20. gxf3 $6 20... Qxe6 21. Qd5 21... Rb8
$11) 20... Qxf7 21. gxf3 $14) 19... Rd8+ 20. Kc2 {
Nun geraet Schwarz unter starken Druck.} 20... Nxf3 $16 (20... Ng4 21. exf7+
Qxf7 22. Kb1 $14) 21. exf7+ $1 {
die richtige Fortsetzung, um den Vorteil festzuhalten} 21... Qxf7 {
Der Freibauer e4 greift sofort ein} 22. Rxf3 Qe6 23. Qf5 23... Re8 {
Nimmt den isolierten Bauern e4 ins Visier} 24. Qxe6+ Rxe6 25. Kd3 Bc7 26. h3
Be5 27. g4 Rb6 28. Rf5 Bxc3 29. Kxc3 Rd6 30. e5 Rd7 31. a4 g6 32. Rf3 Kg7 33.
Kc4 Rd1 34. e6 {Weiss entwickelt eine toedliche Initiative} 34... Rd6 (34...
Rc1+ 35. Kd5 Rd1+ 36. Ke5 Re1+ 37. Kd6 Rd1+ 38. Kc7 38... a5 $18) 35. Rf7+ Kg8
36. Rf6 Rc6+ 37. Kd5 Kg7 38. e7 {Weiss droht stark Rf8} 38... Rc8 (38... Rxf6 {
aendert nichts am Ausgang der Partie} 39. e8=Q $18) 39. Rd6 Re8 40. Ke6 (40.
Ke6 h5 41. Rd8 Rxe7+ 42. Kxe7 hxg4 43. hxg4 $18) 1-0